| 000 | 00862cab a2200241 4500 | ||
|---|---|---|---|
| 001 | WB3119-45 | ||
| 008 | 090401t xxu||||| |||| 00| 0 eng d | ||
| 035 | _a(Sirsi) u70706 | ||
| 041 | _aeng | ||
| 245 | _aPresent occupiers` rights | ||
| 300 | _a1995 EGCS 76 (13/5/95) | ||
| 350 | _a0 | ||
| 490 | _aEstates Gazette Case Summaries | ||
| 520 | _a"Swan Hill Developments Ltd and others v British Waterways Board" ChD 2 May 1995. The terms of the Grand Junction Canal Act 1793 conferred statutory rights on the original owners successors-in-title currently the British Waterways Board. | ||
| 650 | _aGRAND JUNCTION CANAL ACT 1793 | ||
| 650 | _aORIGINAL OWNERS | ||
| 650 | _aPRIVATE ACTS OF PARLIAMENT | ||
| 650 | _aPROPERTY RIGHTS | ||
| 650 | _aSUCCESSORS-IN-TITLE | ||
| 690 | _aPROPERTY LAW AND PRACTICE-CASE LAW | ||
| 942 | _n0 | ||
| 948 | _c04/03/1997 | ||
| 999 |
_c44505 _d44505 |
||